000 00422nam a22001577a 4500
005 20150302153712.0
008 150302b xxu||||| |||| 00| 0 eng d
020 _a0946110409
040 _cPK-LaUMT
082 _aKHC 954.915
_bAWA-B
100 _aAwan, A.B.
245 _aBaluchistan
_bhistorical and political processes
_cA.B. Awan
260 _aLondon
_bNew Century publishers
_c1985
300 _a345 p.
942 _cBK
999 _c66753
_d66753